| 000 | 00461nam a2200193Ia 4500 | ||
|---|---|---|---|
| 001 | 12914 | ||
| 003 | GE_BSU | ||
| 008 | 181216s||||||||xx |||||||||||||| ||und|| | ||
| 040 | _cGE_BSU | ||
| 080 | _a821.111-32 | ||
| 100 | _aGraham,Winston. | ||
| 245 | 4 | _aThe Black Moon. | |
| 245 | 2 | _bA Novel of Cornwall 1794-5. | |
| 260 | _bFontana books. | ||
| 260 | _c1973 | ||
| 300 | _a384p;18cm. | ||
| 653 | _aThe Black Moon. A Novel of Cornwall 1794-5. | ||
| 942 | _cBK | ||
| 999 |
_c46084 _d46084 |
||